书目信息 |
| 题名: |
保安搏击教程
|
|
| 作者: | 陈青山 主编 | |
| 分册: | ||
| 出版信息: | 北京 人民体育出版社 1997 |
|
| 页数: | 280页 | |
| 开本: | 19cm | |
| 丛书名: | ||
| 单 册: | ||
| 中图分类: | G852.4 | |
| 科图分类: | ||
| 主题词: | 散打 , 擒拿方法 | |
| 电子资源: | ||
| ISBN: | 7-5009-1480-6 | |
| 000 | 00568nam0 2200205 45 | |
| 001 | 0406011109 | |
| 005 | 20040601110832.8 | |
| 010 | @a7-5009-1480-6@dCNY13.00 | |
| 100 | @a20040601d1997 km y0chiy0120 ea | |
| 101 | 0 | @achi |
| 105 | @aa z 000yy | |
| 200 | 1 | @a保安搏击教程@ABao An Bo Ji Jiao Cheng@f陈青山主编@FChen Qing Shan Zhu Bian |
| 210 | @a北京@c人民体育出版社@d1997 | |
| 215 | @a280页@c插图@d19cm | |
| 606 | 0 | @a散打 |
| 606 | 0 | @a擒拿方法 |
| 690 | @aG852.4@v4 | |
| 701 | 0 | @a陈青山@4主编 |
| 801 | @aCN@bTSTC@c20040601 | |
| 905 | @b334181-185@dG852.4@e110@f5 | |
| 保安搏击教程/陈青山主编.-北京:人民体育出版社,1997 |
| 280页:插图;19cm |
| ISBN 7-5009-1480-6:CNY13.00 |
| ● |
| 相关链接 |
|
|
|
|
正题名:保安搏击教程
索取号:G852.4/110
 
预约/预借
| 序号 | 登录号 | 条形码 | 馆藏地/架位号 | 状态 | 备注 |
| 1 | 0334181 | 203341810 | 第四借阅区/ [索取号:G852.4/110] | 在馆 | |
| 2 | 0334182 | 203341829 | 第四借阅区/ [索取号:G852.4/110] | 在馆 | |
| 3 | 0334183 | 203341838 | 第四借阅区/ [索取号:G852.4/110] | 在馆 | |
| 4 | 0334184 | 203341847 | 第四借阅区/ [索取号:G852.4/110] | 在馆 | |
| 5 | 0334185 | 203341856 | 第一样本阅览室/ [索取号:G852.4/110] | 在馆 |